00513nam a22001817a 450000500170000001000130001702000100003003500130004003700160005304000120006908200150008124500520009626000520014827000630020030000310026365000220029465000150031620170124110250.0 aB-041014 c00.00 aB-041014 bCen Lib/Ret aDPLbEN a545.7bGUI aGuide on forest entomology /bby Pathy A. Regn  bSooriya Desktop Publishers aCiomabatore c1996 bCiomabatore a4/328, Asokapuram , N.G.G.O. Colony e641022 axii,173p.:c20cm(Hb)bill. aForest entomology aEntomology